Building blocks for life. (Record no. 3768)

000 -LEADER
fixed length control field 00617nam a2200181 a 4500
001 - CONTROL NUMBER
control field :::00001503$&:&@@
003 - CONTROL NUMBER IDENTIFIER
control field OkBaRHE
005 - DATE AND TIME OF LATEST TRANSACTION
control field 20000607103244.0
008 - FIXED-LENGTH DATA ELEMENTS--GENERAL INFORMATION
fixed length control field s1988 j 000 0 eng u
040 ## - CATALOGING SOURCE
Transcribing agency
100 1# - MAIN ENTRY--PERSONAL NAME
Personal name Stokes, Penelope J.
245 10 - TITLE STATEMENT
Title Building blocks for life.
Statement of responsibility, etc Bible studies from the editors of Decision magazine.
260 ## - PUBLICATION, DISTRIBUTION, ETC. (IMPRINT)
Place of publication, distribution, etc Minneapolis, MN., :
Name of publisher, distributor, etc World Wide Publications
Date of publication, distribution, etc c1988
300 ## - PHYSICAL DESCRIPTION
Extent 51 p. ;
Dimensions 22 cm.
650 ## - SUBJECT ADDED ENTRY--TOPICAL TERM
Topical term or geographic name as entry element Bible
General subdivision Study
-- Outlines, Syllabi, etc.
942 ## - ADDED ENTRY ELEMENTS (KOHA)
Source of classification or shelving scheme
Koha item type Books
Copies
Not for loan Lost status Koha item type Price effective from Full call number Copy number Shelving location Date last seen Permanent Location Date acquired Withdrawn status Barcode Source of classification or shelving scheme Damaged status
  Books2010-04-14BS 591 .C4841General Stacks2018-03-12RHEMA Bible Training College2010-04-14 1503